000 02404nam a2200445 c 4500
003 BLK
005 20250802124939.0
008 180409b bul|||||r ||||||| ||bul||
010 _aKNG00140415000
020 _a978-619-7060-01-0
_bиздат.: Levels UP
040 _aBLK
041 _aBUL
_cBUL
072 7 _2bullib
_aН33
_xИкономика Н
080 _aИкономическо положение. Икономическа политика. Управление. Планиране. Производство. Услуги. Цени
_b338
_x(02.062)
_z338(02.062)
080 _aИкономическа психология. Икономическо поведение. Физиологични и психологични елементи. Интереси. Икономически дух
_b330.16
_x(02.062)
_z330.16(02.062)
080 _aВземане на решения. План. Спецификация
_b005.53
_x(02.062)
_z005.53(02.062)
080 _aМетоди на управление. Мениджмънт. Анализи, планиране, ръководство, сътрудничество, контрол, коопериране и др.
_b005.5
_x(02.062)
_z005.5(02.062)
100 1 _aБлагоев, Радослав
_eпърви автор
_9324434
139 _aБлагоев, Радослав
_bБ 47
245 1 0 _a[Левълз] Levels UP
_bДа превърнем идеите в бизнес, а мечтите в реалност!
_cРадослав Благоев.
257 _aBGR
260 София
_bLevels UP
_c2013
300 _a143 с.
_bс ил.
_c21 см
380 _a62
500 _aСъдържа и за авт.
650 4 _aПредприемачество - популярна литература
_9265781
650 4 _aИкономическа психология
_9263790
650 4 _aПоведение - в бизнеса
_9243749
650 4 _aУправление - на стопанство
_9309301
653 _aпредприемачество
653 _aбизнес поведение
653 _aикономическо поведение
659 _aН
852 _aЦб 258639
856 4 _qpdf
_u
856 4 _qpdf
_u
942 _cKNG
_n0
_02
944 _aCR
_c07.03.2013
_lМартин Енчев
_k30575
944 _aED
_c20.08.2015
_lф /
_kВиолета_Тройчева
999 _c134501
_d134501